[Event "BL 2017-18"]
[Site "Germany"]
[Date "2018.02.03"]
[Round "7"]
[White "Heinemann, Thies"]
[Black "Yankelevich, Lev"]
[Result "1/2-1/2"]
[WhiteElo "2484"]
[BlackElo "2442"]
[Annotator "TA"]
[PlyCount "59"]
[EventDate "2018.05.24"]
[EventType "team-tourn"]
[EventCountry "GER"]
[SourceTitle "playchess.com"]
[Source "ChessBase"]
[SourceQuality "1"]
[WhiteTeam "Hamburg SK"]
[BlackTeam "Speyer"]

{[%evp 31,59,-12,7,0,24,21,17,0,4,0,0,0,0,0,0,0,0,0,0,0,0,0,0,0,0,0,0,0,0,0]} 1. e4 e5 2. Nf3 Nc6 3. Bb5 a6 4. Bxc6 dxc6 5. O-O Bg4 6. h3 h5 7. d3 Qf6 8. Be3 Bxf3 9. Qxf3 Qxf3 10. gxf3 Bd6 11. Nd2 Ne7 {[%cal Bg8e7,Be7g6,Bg6h4][%mdl 32]} 12. Nc4 Ng6 {C68: Spanische Partie (Abtauschvariante)} 13. Rfd1 Nh4 14. f4 exf4 15. Nxd6+ cxd6 16. Bxf4 Kd7 {LiveBook: 6 Partien} (16... O-O-O {is more complex.} 17. Kf1 f6 18. c4 Nf3 19. Kg2 Ne5) 17. Bg3 {[#]} g5 $146 (17... Nf3+ {is interesting.} 18. Kg2 Nd4 19. c3 Ne6 20. f4 h4) ({Vorgänger:} 17... Nf3+ 18. Kg2 Nd4 19. c3 Ne6 20. f4 f5 21. exf5 Nc7 22. Bh4 {½-½ (22) Mokrys,C (2515)-Efremov,A (2609) ICCF email 2010}) 18. Bxh4 gxh4 $11 {[%mdl 4096] Endspiel KTT-KTT. Die Stellung ist ausgeglichen.} 19. Kh1 f5 20. Re1 fxe4 21. Rxe4 Raf8 22. Rg1 Rxf2 23. Rg7+ Kc8 24. Ree7 Rf1+ 25. Kh2 {Schwarz sollte Tc7+ verhindern.} Rf2+ 26. Kg1 Rhf8 27. Rc7+ Kd8 {[#] Droht ...Tf1+ und aus.} 28. Rcd7+ Kc8 29. Rc7+ Kd8 {Und ...Tf1+ würde nun gewinnen.} 30. Rcd7+ 1/2-1/2

[Event "BL 2017-18"]
[Site "Germany"]
[Date "2018.02.24"]
[Round "9"]
[White "Vachier-Lagrave, Maxime"]
[Black "Ivanchuk, Vassily"]
[Result "1/2-1/2"]
[WhiteElo "2793"]
[BlackElo "2731"]
[Annotator "TA"]
[PlyCount "77"]
[EventDate "2018.05.24"]
[EventType "team-tourn"]
[EventCountry "GER"]
[SourceTitle "playchess.com"]
[Source "ChessBase"]
[SourceQuality "1"]
[WhiteTeam "Baden-Baden"]
[BlackTeam "Aachen"]

{[%evp 11,77,8,25,25,28,8,15,8,21,0,23,19,41,18,35,22,22,22,22,23,23,23,26,22,22,22,22,17,17,17,21,17,23,10,17,17,17,14,14,0,10,0,10,0,16,9,22,15,14,15,15,16,8,0,16,0,0,0,0,0,24,18,14,12,14,0,0,0]} 1. e4 c6 2. Nc3 d5 3. Nf3 Bg4 4. h3 Bxf3 5. Qxf3 e6 6. d4 dxe4 7. Qxe4 {B11: Caro-Kann: Two Knights Variation} (7. Nxe4 Qxd4 8. c3 Qd5 9. Bd3 Nd7 10. Qe2 Nc5 11. Bc2 Nxe4 12. Bxe4 Qd7 13. O-O Nf6 14. Bf3 Bd6 15. Rd1 {½-½ (30) Nepomniachtchi,I (2767)-Anand,V (2779) Doha 2016}) 7... Nf6 8. Qd3 Na6 9. a3 Qb6 10. Be2 Be7 11. O-O O-O 12. Rd1 $146 ({Predecessor:} 12. Be3 Rfd8 13. Na4 Qa5 14. Qb3 b5 {½-½ (22) Westerinen,H (2440)-Qendro,L (2235) Luzern 1982}) 12... Rfd8 13. b4 Nc7 14. Na4 Qb5 15. Nc5 Qxd3 16. Rxd3 b6 17. Nb3 Rac8 18. Bb2 Nfd5 19. g3 Bf6 20. c4 {[%cal Bc2c4,Bc4c5][%mdl 32]} Ne7 21. Rad1 Ne8 {[%cal Bc7e8,Be8d6,Bd6f5][%mdl 32]} 22. Bf3 Nd6 23. Nd2 b5 24. c5 Ndf5 {[%cal Rf5d4]} 25. Nb3 Nd5 26. Bc1 Rd7 27. Bd2 g5 28. Be4 h6 29. h4 Kg7 30. hxg5 hxg5 31. Kg2 Rh8 32. Ra1 g4 33. a4 a6 $1 34. axb5 axb5 35. Ra6 Rc8 36. f3 gxf3+ {The position is equal.} 37. Kxf3 Nde7 {[%cal Rf5d4]} 38. Bc3 Nd5 39. Bd2 {Precision: White = 63%, Black = 59%.} 1/2-1/2

[Event "BL 2017-18"]
[Site "Germany"]
[Date "2018.02.24"]
[Round "9"]
[White "Wojtaszek, Radoslaw"]
[Black "Lupulescu, Constantin"]
[Result "1-0"]
[WhiteElo "2735"]
[BlackElo "2626"]
[Annotator "TA"]
[PlyCount "67"]
[EventDate "2018.05.24"]
[EventType "team-tourn"]
[EventCountry "GER"]
[SourceTitle "playchess.com"]
[Source "ChessBase"]
[SourceQuality "1"]
[WhiteTeam "Baden-Baden"]
[BlackTeam "Aachen"]

{[%evp 9,67,17,24,23,24,6,14,7,14,7,25,15,31,23,41,50,56,60,98,86,86,93,88,81,67,85,92,76,83,72,77,79,74,73,102,54,60,54,76,63,73,56,417,469,458,-65,451,437,29986,29987,29987,29988,29988,29983,29989,29990,29990,29991,29991,2051]} 1. d4 d5 2. c4 e6 3. Nc3 a6 4. cxd5 exd5 5. Bf4 Nf6 6. e3 {D31: Queen's Gambit Declined: Semi-Slav without ...Nf6 (+ Marshall Gambit and Noteboom) and Exchange Variation lines without ...Nf6} Bd6 7. Bg5 (7. Bxd6 Qxd6 8. Bd3 O-O 9. Qc2 c5 10. dxc5 Qxc5 11. Nge2 Nc6 12. Rd1 Rd8 {½-½ (35) Gelfand,B (2737)-Nisipeanu,L (2672) Heraklio 2017}) 7... Be6 8. Bd3 {The position is equal.} h6 9. Bh4 Nbd7 10. Nge2 Qe7 11. h3 c6 $146 ({Predecessor:} 11... Nb6 12. Qc2 g5 {½-½ (51) Charochkina,D (2381)-Zawadzka,J (2449) Riga 2017}) 12. Qc2 Rc8 13. O-O Nb6 14. Rae1 O-O 15. f4 c5 16. Ng3 Qd8 {[#]} 17. Nh5 $1 {[%mdl 512] Hoping for Nxf6+.} Be7 (17... Nxh5 18. Bxd8) 18. Bxf6 Bxf6 19. Nxf6+ Qxf6 20. dxc5 Rxc5 21. Qf2 Rcc8 22. e4 dxe4 23. Nxe4 Qd8 24. Rd1 {Strongly threatening f5.} Bd5 25. Bb1 {[%cal Bd3b1,Bb1h7,Bh7f5][%mdl 32] And now Nc3 would win.} Qc7 $2 {[%mdl 8192] [#]} (25... Rc6 $14) 26. Nf6+ $1 $18 {[%mdl 512]} gxf6 27. Qg3+ $1 Kh8 {[#]} 28. Qh4 $1 {[%csl LRf6,LRh6][%cal Rh4h6]} Rfe8 (28... Kg7 $18 29. Qg4+ Kh8) 29. Qxh6+ {White mates.} Kg8 30. Bh7+ Kh8 31. Bf5+ Kg8 32. Rd3 {[%cal Rd3g3]} Qc5+ 33. Kh2 {[%cal Rd3g3]} Re3 34. b4 {Precision: White = 84%, Black = 39%.} (34. Rf3 $142 Rxf3 35. Rxf3 Qf2 36. Rxf2 Nd7 37. Bh7+ Kh8 {[#]} 38. Rf3 $1 {[%mdl 512]} Nf8 39. Rg3 Ng6 40. Bxg6+ Kg8 41. Bh5#) 1-0

[Event "BL 2017-18"]
[Site "Germany"]
[Date "2018.02.24"]
[Round "9"]
[White "Vallejo Pons, Francisco"]
[Black "Bindrich, Falko"]
[Result "1/2-1/2"]
[WhiteElo "2718"]
[BlackElo "2604"]
[Annotator "TA"]
[PlyCount "166"]
[EventDate "2018.05.24"]
[EventType "team-tourn"]
[EventCountry "GER"]
[SourceTitle "playchess.com"]
[Source "ChessBase"]
[SourceQuality "1"]
[WhiteTeam "Baden-Baden"]
[BlackTeam "Aachen"]

{[%evp 20,166,32,27,33,31,39,43,52,52,62,49,47,41,46,40,48,47,58,19,78,71,57,58,104,114,92,110,93,58,147,154,225,221,225,221,204,133,139,163,172,176,215,170,140,173,176,165,176,153,153,153,153,153,153,145,151,129,192,192,343,327,344,0,199,192,339,297,268,0,168,125,125,125,126,163,168,9,9,9,9,10,11,16,22,10,41,0,23,20,28,29,32,24,61,0,0,0,0,0,0,0,81,0,0,0,997,1109,1109,930,917,657,621,579,141,0,0,0,0,0,0,0,0,0,0,0,0,0,0,0,0,0,0,0,0,0,0,0,0,0,0,0,0,0,0,0,0,0,0]} 1. e4 e5 2. Nf3 Nf6 3. Nxe5 d6 4. Nf3 Nxe4 5. Nc3 Nxc3 6. dxc3 Be7 7. Be3 Nc6 8. Qd2 Be6 9. O-O-O {C42: Petroff Defence: 3 Nxe5 and unusual White 3rd moves} Qd7 10. Kb1 a6 11. Be2 {LiveBook: 6 Games. White is slightly better.} h6 12. Nd4 Nxd4 13. Bxd4 Rg8 14. c4 O-O-O {[#]} 15. b3 $146 ({Find the theoretical novelty and annotate with similar games:} 15. Qc3 g6 16. Bf3 Bg4 17. Rhe1 Rge8 18. h3 Bxf3 19. Qxf3 {½-½ (19) Edouard,R (2625)-Ivanchuk,V (2764) Belfort 2012}) 15... Bg4 16. f3 Bf5 17. g4 Bg6 18. h4 h5 19. Rdg1 f6 (19... d5 $11 {remains equal.}) 20. Bd3 $36 {[%mdl 2048] White is in control.} Bxd3 21. Qxd3 hxg4 22. Rxg4 d5 23. c5 $1 Qc6 24. b4 Qa4 (24... Qb5 $14) 25. a3 $1 Kb8 (25... g6 $16 26. Rhg1 a5) 26. Rhg1 $18 g5 27. f4 $1 f5 28. R4g3 {[%cal Rh4g5]} (28. Qxf5 Qxa3 29. fxg5 Qxb4+ 30. Bb2 Qxc5 $11) 28... g4 29. Qxf5 Bxh4 30. Rxg4 Rgf8 31. Qg6 Be7 32. R1g3 a5 33. Rb3 Rde8 34. Be5 axb4 35. Qb6 (35. axb4 Bf6 $15) 35... Qc6 36. Qxc6 (36. Qxb4 $6 Bxc5 37. Qb5 Qxb5 $14) 36... bxc6 37. Rxb4+ Kc8 38. Rg7 Kd7 (38... Rg8 $16) 39. Ka2 {Rb7 is the strong threat.} Ke6 $2 (39... Rc8 40. Rb3 Rg8) 40. Rg6+ $1 (40. Bxc7 Bxc5 41. Rb1 Rg8 $14) 40... Kd7 41. Rg7 (41. Rb7 $142 $1 {[%cal Rb7c7]} Rc8 42. a4) 41... Ke6 42. Rb7 ({Resist} 42. Bxc7 $6 Bxc5 43. Rb1 Rg8 $14) 42... Rc8 (42... Bxc5 $142 43. Rbxc7 (43. Rgxc7 Rc8 $16) 43... Kf5 44. Rxc6 Be3) 43. Rg6+ ({Not} 43. Bxc7 Bxc5 44. Be5 Ra8 $16) 43... Kd7 44. Rg7 Ke6 45. Bxc7 Bxc5 46. Rg6+ Kf5 47. Rxc6 Be3 {[#]} 48. Rd6 $2 (48. a4 $1 $18) 48... Rf7 $1 $11 49. Rxd5+ Kg4 50. Rb3 Rfxc7 51. Rxe3 Rxc2+ {[%mdl 4096] Endgame KRR-KRR} 52. Kb3 Kxf4 53. Re7 (53. Rh3 {NOTEXT} Rc1 54. Rh4+ Ke3 55. Rdd4 R1c3+ 56. Kb4) 53... Rc1 54. Rd2 R1c3+ 55. Kb2 R3c4 56. Rf2+ Kg3 57. Ree2 (57. Rfe2 $14) 57... Rb8+ 58. Ka2 Rc3 59. Rc2 Rd3 60. Rfd2 Re3 (60... Rxd2 $11 {keeps the balance.} 61. Rxd2 Ra8) 61. Rb2 (61. Rd4 $16) 61... Ra8 62. Rb3 Kf3 $2 {[%mdl 8192] [#]} (62... Kf4 $11) 63. Rd4 $1 $18 Rxb3 64. Kxb3 {KR-KR} Ke3 65. Rb4 Kd3 66. a4 Ra7 67. Rb6 ({White should play} 67. Rb5 $16) 67... Kd4 $11 {The position is equal.} 68. Kb4 {aiming for Rd6+.} Kd5 $1 69. a5 Rc7 70. Kb5 Rc5+ 71. Ka6 {Strongly threatening Rb5.} Kc4 72. Rh6 {Black must now prevent Rh4+.} Rg5 73. Kb6 Rb5+ 74. Ka6 {Intending Rh4+ and mate.} Rg5 75. Rh1 Rg6+ 76. Kb7 Kb5 77. Rh5+ Ka4 78. a6 Rg7+ 79. Kb8 Rg8+ 80. Kc7 Rg7+ 81. Kc6 Rg6+ 82. Kc5 {Threatens to win with a7.} Rxa6 {And now ...Ra5+ would win.} 83. Rh1 {White wants to mate with Ra1+.} Rg6 {Precision: White = 56%, Black = 72%.} 1/2-1/2

[Event "BL 2017-18"]
[Site "Germany"]
[Date "2018.02.24"]
[Round "9"]
[White "Duda, Jan-Krzysztof"]
[Black "Ponomariov, Ruslan"]
[Result "1/2-1/2"]
[WhiteElo "2706"]
[BlackElo "2694"]
[Annotator "TA"]
[PlyCount "89"]
[EventDate "2018.05.24"]
[EventType "team-tourn"]
[EventCountry "GER"]
[SourceTitle "playchess.com"]
[Source "ChessBase"]
[SourceQuality "1"]
[WhiteTeam "Hamburg SK"]
[BlackTeam "Hockenheim"]

{[%evp 17,89,28,20,21,27,8,22,11,11,8,5,14,35,36,29,30,43,51,47,35,48,45,43,33,53,43,45,41,59,58,61,60,56,58,58,44,44,44,44,44,44,44,44,44,44,42,44,44,44,27,25,9,4,0,0,0,0,0,0,0,0,0,0,0,0,0,0,0,0,0,0,0,0,0]} 1. Nf3 Nf6 2. c4 e6 3. g3 b6 4. Bg2 Bb7 5. d4 Be7 6. O-O O-O 7. Nc3 Ne4 8. Bd2 Nxd2 9. Qxd2 d6 10. b4 {E18: Queen's Indian: Old Main Line (4 g3 Bb7 5 Bg2 Be7 6 0-0 0-0 7 Nc3)} Nd7 11. Qd3 $146 ({Predecessor:} 11. Rfd1 a5 12. b5 Bf6 13. Rac1 Qe7 14. e3 g6 15. Ne1 Bxg2 16. Kxg2 Bg7 17. Nd3 f5 {1-0 (34) Markus,R (2649)-Beliavsky,A (2605) Hungary 2017}) 11... g6 12. b5 Bf6 13. Rfd1 a6 14. a4 c5 15. bxc6 Bxc6 16. Ne4 Bxe4 17. Qxe4 Qc7 18. Nd2 Rab8 19. e3 Rfc8 20. Qd3 Bd8 21. Rdc1 Nf6 22. Bh3 Qe7 23. d5 Nd7 24. dxe6 fxe6 25. Ne4 Nc5 26. Nxc5 ({Don't play} 26. Qxd6 Qxd6 27. Nxd6 Rc6 $17) 26... Rxc5 27. Rd1 Bc7 28. Ra2 Kf7 29. Qe4 Re5 30. Qf3+ Kg7 31. Rd4 Rh5 32. Bg4 Rc5 33. h4 e5 34. Rdd2 Rxc4 {The position is equal.} 35. Rac2 Rc5 36. Rxc5 bxc5 37. Qc6 Rb6 38. Qd5 a5 39. Kg2 Rb4 40. Be2 Qf7 41. Qc6 Rb6 42. Qe4 Rb4 43. Qc6 Rb6 44. Qe4 Rb4 45. Qc6 {Precision: White = 75%, Black = 62%.} 1/2-1/2

[Event "BL 2017-18"]
[Site "Germany"]
[Date "2018.02.24"]
[Round "9"]
[White "Naiditsch, Arkadij"]
[Black "Zaragatski, Ilja"]
[Result "1-0"]
[WhiteElo "2705"]
[BlackElo "2495"]
[Annotator "TA"]
[PlyCount "75"]
[EventDate "2018.05.24"]
[EventType "team-tourn"]
[EventCountry "GER"]
[SourceTitle "playchess.com"]
[Source "ChessBase"]
[SourceQuality "1"]
[WhiteTeam "Baden-Baden"]
[BlackTeam "Aachen"]

{[%evp 19,75,17,31,39,64,64,64,52,64,76,100,87,96,89,94,101,100,106,148,141,281,283,285,281,350,346,295,214,430,434,332,264,311,314,300,274,407,419,415,408,475,368,381,378,359,366,371,365,534,499,716,577,652,660,662,653,638,632]} 1. e4 e6 2. d4 d5 3. Nd2 Nc6 4. Ngf3 Nf6 5. e5 Nd7 6. Bb5 a6 7. Bxc6 bxc6 8. c4 {C04: French Tarrasch: 3...Nc6} dxc4 9. Nxc4 Nb6 10. Na5 Qd5 {LiveBook: 3 Games} 11. Bd2 c5 12. dxc5 Bxc5 13. Qc2 {[#]} (13. O-O {is more complex.} Bd7 14. Qc2 Be7 15. Rfd1 Qb5 16. Rac1) 13... Be7 $146 ({Predecessor:} 13... Bd7 14. O-O Bb5 15. Rfc1 Nd7 {½-½ (47) Maze,S (2582)-Matsenko,S (2525) Sitges 2015}) 14. O-O Qd7 15. Rfd1 {[%cal Bf1d1,Bd1d4,Bd4h4,Bh4h7][%mdl 32]} Nd5 16. Bg5 f6 17. exf6 gxf6 18. Bh6 {Black must now prevent Bg7.} Bd6 19. Rd4 Qb5 (19... Rb8 $16 {was worth a try.}) 20. Bg7 $18 Rg8 21. Qxh7 Rxg7 22. Qxg7 Qxa5 23. Re1 $40 {[%mdl 128] Rh4 is the strong threat. White wants a kill.} c6 $2 (23... Rb8 {is a better defense.} 24. Rh4 Ne7) 24. Rh4 {[#] Intending Rh8+ and mate.} Be7 25. Rh7 Kd7 26. Rd1 {[%csl Gh7][%cal Rg7e7]} Qc5 27. Qxf6 Bb7 (27... Kc7 $142 28. Qg5 Kb6 29. Rxd5 Qxd5 30. Qxd5 exd5) 28. Ne5+ Kc7 29. Qxe6 Rf8 30. Nd3 Qd6 31. Re1 Qxe6 32. Rxe6 Kd8 33. Ne5 Rf4 (33... Ke8 {was necessary.} 34. Nxc6 Bxc6) 34. h4 {White is clearly winning.} Rd4 (34... Rf8 $142 35. h5 Ke8 36. Nxc6 Rf7) 35. Ng6 Rd1+ 36. Kh2 Bc8 37. Rexe7 Nxe7 38. Nxe7 {Precision: White = 94%, Black = 24%.} 1-0

[Event "BL 2017-18"]
[Site "Germany"]
[Date "2018.02.24"]
[Round "9"]
[White "Rapport, Richard"]
[Black "Shytaj, Luca"]
[Result "1-0"]
[WhiteElo "2703"]
[BlackElo "2448"]
[Annotator "TA"]
[PlyCount "71"]
[EventDate "2018.05.24"]
[EventType "team-tourn"]
[EventCountry "GER"]
[SourceTitle "playchess.com"]
[Source "ChessBase"]
[SourceQuality "1"]
[WhiteTeam "Solingen"]
[BlackTeam "Speyer"]

{[%evp 13,71,18,32,29,43,34,35,34,38,30,26,36,44,31,31,12,24,1,17,8,45,37,42,37,51,49,50,50,69,51,61,48,52,25,29,21,37,25,30,31,28,27,34,14,28,28,28,10,21,13,43,37,45,7,17,0,65,79,560,563]} 1. d4 Nf6 2. Nf3 e6 3. Bf4 d5 4. e3 Bd6 5. Bd3 c5 (5... b6 6. Ne5 Bb7 7. Nd2 Nbd7 8. Qf3 Qe7 9. O-O h6 10. Ndc4 Ne4 11. Nxd6+ cxd6 12. Nxd7 Qxd7 13. Qe2 {1-0 (35) Mamedov,R (2678)-Akobian,V (2625) Atlantic City 2016}) 6. dxc5 {D02: 1 d4 d5 2 Nf3 sidelines, including 2...Nf6 3 g3 and 2...Nf6 3 Bf4} Bxc5 7. O-O Nc6 {LiveBook: 5 Games} 8. c4 {White is slightly better.} Nb4 $146 ({Find the theoretical novelty and annotate with similar games:} 8... O-O 9. Nc3 a6 10. cxd5 exd5 11. Bg5 Be6 12. Rc1 Be7 13. a3 h6 14. Bh4 Nd7 15. Bg3 Nf6 16. Bb1 Re8 17. Qd3 Qb6 18. b4 Rad8 {1-0 (55) Kobryn,J (1974)-Sladek,V (1978) ICCF email 2009}) 9. Nc3 O-O 10. Be2 dxc4 11. Bxc4 Nbd5 12. Nxd5 Nxd5 13. Bg5 Be7 14. Bxe7 (14. Bxd5 $5 Bxg5 15. Be4 $14 (15. Nxg5 exd5 16. Qh5 Bf5 $14)) 14... Qxe7 15. Bxd5 {[#] Black must now prevent Be4.} Rd8 $1 16. Qb3 exd5 17. Rfc1 Be6 18. Qa4 h6 19. Nd4 a6 20. Qa5 Rdc8 21. h3 Qd6 22. a4 Bd7 23. Rd1 b6 24. Qd2 a5 25. Ne2 Rc5 26. Nc3 {aiming for Ne4!} Qg6 $1 {Black wants to play ...Bxh3.} 27. Kh2 ({Avoid the trap} 27. Nxd5 $2 {[#]} Rxd5 $1 {[%mdl 512]} 28. Qxd5 Bc6 $19) 27... Be6 28. Qd4 Rac8 29. Rd2 R8c6 30. Rad1 Kh7 31. Qe5 f6 32. Qb8 Qg5 33. f4 Qg6 34. Nb5 Qe4 (34... Rc1 $11 35. Nd4 Rxd1 36. Rxd1 Bxh3 37. Kxh3 Qh5+ 38. Kg3 Qxd1 39. Nxc6 Qe1+ 40. Kh3 Qxe3+ 41. Kh2 d4) 35. Nd4 $14 Qxe3 $2 {[%mdl 8192]} (35... Rc8 $16 {is more resistant.} 36. Qxb6 Bf7) 36. Re2 {Precision: White = 47%, Black = 49%.} 1-0

[Event "BL 2017-18"]
[Site "Germany"]
[Date "2018.02.24"]
[Round "9"]
[White "Saric, Ivan"]
[Black "Ernst, Sipke"]
[Result "1-0"]
[WhiteElo "2662"]
[BlackElo "2530"]
[Annotator "TA"]
[PlyCount "115"]
[EventDate "2018.05.24"]
[EventType "team-tourn"]
[EventCountry "GER"]
[SourceTitle "playchess.com"]
[Source "ChessBase"]
[SourceQuality "1"]
[WhiteTeam "Hockenheim"]
[BlackTeam "Hamburg SK"]

{[%evp 14,115,47,45,83,66,70,54,54,56,41,37,45,15,22,30,28,17,21,-5,0,0,0,0,0,0,0,0,0,0,0,0,0,0,1,0,0,0,0,0,0,0,0,0,0,0,0,0,0,0,130,122,121,89,90,82,90,89,130,87,82,82,94,49,49,49,49,56,82,82,82,82,82,82,110,82,82,62,82,82,82,82,82,82,82,82,82,82,82,82,82,60,60,67,72,72,72,72,347,335,5461,5057,5551,5525]} 1. e4 e5 2. Nf3 Nc6 3. Bb5 a6 4. Ba4 d6 5. O-O Bd7 6. d4 Nge7 7. d5 {C72: Ruy Lopez: Deferred Steinitz: 5 0-0} Nb8 8. c4 {LiveBook: 24 Games} b5 (8... h6 9. Nc3 g5 10. Be3 Ng6 11. Bxd7+ Nxd7 12. Ne2 g4 13. Nd2 h5 14. Rc1 Be7 {0-1 (67) Satyapragyan,S (2462)-Cori Tello,J (2601) Barcelona 2016}) 9. Bb3 {White is better.} Ng6 10. Be3 Be7 $146 ({Predecessor:} 10... bxc4 11. Bxc4 Be7 12. Nbd2 c6 13. dxc6 Bxc6 14. Qb3 O-O {½-½ (32) Lukin,A (2440)-Orlov,V (2429) St Petersburg 1999}) 11. Nbd2 O-O 12. Rc1 c5 13. dxc6 Nxc6 {[%cal Bb8c6,Bc6a5,Ba5c4,Bc4e3][%mdl 32]} 14. cxb5 axb5 15. Bd5 Ra6 16. Qb3 Qb8 17. Rc2 Bd8 18. a4 Na5 19. Qd3 {Black should prevent b4.} Ne7 $1 20. b4 Nxd5 21. exd5 Nc4 22. axb5 Nxe3 23. bxa6 Nxf1 24. Qxf1 $40 {[%mdl 128] White mounts an attack.} Qxb4 25. Qa1 Bb6 26. Rb2 Qc5 27. Ne4 Qc7 28. Qb1 Rb8 $1 29. h3 $1 h6 30. Nfd2 {[%cal Bf3d2,Bd2c4,Bc4d6,Bd6f5][%mdl 32] [#] Threatens to win with Nc4!} Bc8 31. Nc4 Ba7 (31... Qxc4 $11 32. Rxb6 Rxb6 33. Qxb6 Bxa6 34. Nxd6 Qc1+ 35. Kh2 Qf4+ 36. g3 Qd4 37. Qxa6 Qxf2+ 38. Kh1 Qf3+ 39. Kh2 Qf2+ 40. Kh1 Qf3+ 41. Kh2 Qf2+) 32. Ncxd6 $16 {Black must now prevent Rxb8.} Bxa6 33. Nf5 Rxb2 34. Qxb2 Bd3 35. d6 Qa5 36. Qb7 {[#] White wants to mate with Qc8+.} Qe1+ (36... Qa1+ $2 37. Kh2 $18) 37. Kh2 Bxf2 {[%csl Gf2][%cal Re1g1]} ({Avoid the trap} 37... Qxe4 $2 38. Qxa7 Bb5 39. d7 $18) 38. Qc8+ Kh7 {[%csl Gf2][%cal Re1g1]} 39. Nxf2 Qxf2 40. Ng3 Bb5 41. d7 Bxd7 42. Qxd7 g6 43. Qd3 Kg7 44. Ne2 h5 45. Qe4 Qc5 46. Ng1 Qc7 47. Nf3 f6 48. Nh4 Qf7 49. Qd3 Kh6 50. Qd6 Kg7 51. Nf3 Qa7 52. Nd2 {aiming for Ne4.} Qe3 53. Qe7+ Kh6 54. Qf8+ ({Reject} 54. Qxf6 Qxd2 55. Qh8+ Kg5 $11) 54... Kh7 55. Qb4 {Hoping for Ne4.} ({But not} 55. Qxf6 Qxd2 56. Qxe5 Kh6 $11) 55... Kg7 $2 {[%mdl 8192]} (55... g5 $16) 56. Ne4 $18 {Qe7+ would kill now.} Qa7 $2 (56... Kg8 57. Nxf6+ Kf7) 57. Qd6 Qf7 58. h4 {Precision: White = 88%, Black = 69%.} 1-0

[Event "BL 2017-18"]
[Site "Germany"]
[Date "2018.02.24"]
[Round "9"]
[White "Laznicka, Viktor"]
[Black "Sprenger, Jan Michael"]
[Result "1-0"]
[WhiteElo "2658"]
[BlackElo "2514"]
[Annotator "TA"]
[PlyCount "81"]
[EventDate "2018.05.24"]
[EventType "team-tourn"]
[EventCountry "GER"]
[SourceTitle "playchess.com"]
[Source "ChessBase"]
[SourceQuality "1"]
[WhiteTeam "Schwaebisch Hall"]
[BlackTeam "SFR Berlin"]

{[%evp 12,81,50,0,45,52,45,33,38,44,44,43,77,70,55,43,28,35,81,78,105,100,114,118,122,102,188,150,175,67,65,68,70,63,59,60,60,52,57,68,64,63,62,54,80,80,97,96,95,100,129,112,105,105,145,0,0,0,0,0,22,20,20,20,24,10,313,329,523,527,4949,888]} 1. c4 e5 2. g3 Nf6 3. Bg2 c6 4. Nf3 e4 5. Nd4 d5 6. d3 {A20: English Opening: 1...e5} (6. cxd5 Qxd5 7. e3 Na6 8. d3 Bb4+ 9. Nc3 Nc5 10. O-O Bxc3 11. dxe4 Ncxe4 12. bxc3 O-O 13. Qc2 c5 14. Nb3 Bf5 {0-1 (59) Gelfand,B (2729)-Inarkiev,E (2702) Nazran 2017}) 6... Bb4+ 7. Bd2 {LiveBook: 3 Games} Qb6 {[#] Threatens to win with ...Bxd2+.} (7... Bc5 {NOTEXT} 8. Bc3 e3 9. fxe3 Ng4 10. Qd2 Qg5) 8. Bxb4 {White is slightly better.} Qxb4+ 9. Qd2 Qxd2+ 10. Kxd2 $146 ({Find the theoretical novelty and annotate with similar games:} 10. Nxd2 exd3 11. cxd5 Nxd5 12. Bxd5 cxd5 13. exd3 Nc6 14. Nxc6 bxc6 {½-½ (27) Mohota,N (2262)-Karavade,E (2421) Delhi 2016}) 10... exd3 11. cxd5 dxe2 12. dxc6 bxc6 13. Nc3 (13. Kxe2 $6 O-O $11) 13... O-O 14. Ncxe2 Rd8 15. Rhc1 Ba6 {Hoping for ...Bxe2.} 16. Ke1 Re8 17. b4 Ne4 18. a4 {Black must now prevent b5.} Nd7 (18... Bxe2 $16 19. Nxe2 (19. Kxe2 Nxg3+ 20. Kf3 Nh5 $16) 19... Na6) 19. Rxc6 $18 Bd3 20. f3 ({Better is} 20. Rd1 $18 Ne5 21. Rcc1) 20... Bxe2 $1 $14 21. Kxe2 Nxg3+ $1 22. Kf2 {Rc7 is the strong threat.} Nh5 23. Bf1 Ne5 {aiming for ...Rad8.} 24. Rd6 Rad8 25. Rxd8 Rxd8 26. Rc1 Kf8 27. Ke3 Nf6 28. Rc5 Ned7 29. Ra5 Nb6 30. Nc6 Rd1 31. Bb5 Nfd5+ {[#]} 32. Kf2 $1 Rd2+ 33. Kg3 (33. Ke1 $16 Rb2 34. Rxa7 Nxb4 35. a5 Nxc6 36. Bxc6) 33... Nc8 $11 34. h4 Nd6 35. Rxa7 Nf5+ 36. Kh3 $1 {[%cal Ra7a8]} g6 37. Bc4 {Strongly threatening Bxd5.} Nde3 $1 {[%cal Re3c4]} 38. Ne5 Nd6 $2 {[%mdl 8192]} (38... Nxc4 $11 39. Nxc4 (39. Rxf7+ Kg8 $11) 39... Rd4) 39. Bxf7 $18 Nf1 (39... Kg7 {was necessary.} 40. Ng4 Nxg4 41. Be6+ (41. fxg4 Nxf7 42. a5 Rd3+ 43. Kg2 Rd4 $11) 41... Kf6 42. Bxg4 Rb2) 40. Be6 h5 {[%csl Gf1][%cal Rd2h2]} 41. Nxg6+ {Precision: White = 75%, Black = 45%.} 1-0